书目信息 |
| 题名: |
大学物理实验
|
|
| 作者: | 李培森 主编 | |
| 分册: | ||
| 出版信息: | 济南 山东大学出版社 2006.02 |
|
| 页数: | 220页 | |
| 开本: | 26cm | |
| 丛书名: | ||
| 单 册: | ||
| 中图分类: | O4-33 | |
| 科图分类: | ||
| 主题词: | 物理学--wu li xue--实验--高等学校--教材 | |
| 电子资源: | ||
| ISBN: | 7-5607-3139-2 | |
| 000 | 00719nam0 2200229 450 | |
| 001 | 012007253250 | |
| 005 | 20070521151335.82 | |
| 010 | @a7-5607-3139-2@dCNY22.80 | |
| 100 | @a20070323d2006 km y0chiy0120 ea | |
| 101 | 0 | @achi |
| 102 | @aCN@b370000 | |
| 105 | @aa a 000yy | |
| 200 | 1 | @a大学物理实验@Ada xue wu li shi yan@f李培森主编@Fli pei sen zhu bian |
| 210 | @a济南@c山东大学出版社@d2006.02 | |
| 215 | @a220页@c图@d26cm | |
| 320 | @a有书目 | |
| 330 | @a本书除了绪论外共分四部分:基础训练、基础实验、近代综合及应用性 实验、设计性实验。 | |
| 606 | 0 | @a物理学@Awu li xue@x实验@x高等学校@j教材 |
| 690 | @aO4-33@v4 | |
| 701 | 0 | @a李培森@Ali pei sen@4主编 |
| 801 | 0 | @aCN@c20070521 |
| 905 | @a10447@dO4-33@eL226 | |
| 大学物理实验/李培森主编.-济南:山东大学出版社,2006.02 |
| 220页:图;26cm |
| ISBN 7-5607-3139-2:CNY22.80 |
| 本书除了绪论外共分四部分:基础训练、基础实验、近代综合及应用性 实验、设计性实验。 |
| ● |
| 相关链接 |
|
|
|
正题名:大学物理实验
索取号:O4-33/L226
 
预约/预借
| 序号 | 登录号 | 条形码 | 馆藏地/架位号 | 状态 | 备注 |
| 1 | 238672 | 202386729 | 自科库401/401自科库 55排7列2层/ [索取号:O4-33/L226] | 在馆 | |
| 2 | 238673 | 202386738 | 自科库401/401自科库 55排7列2层/ [索取号:O4-33/L226] | 在馆 |